000 01176nam a2200289 a 4500
001 65401
003 BD-RjUL
005 20211209081425.0
008 170601s1952 pk ||||||||s|o00| 0 eng d
020 _c: PRs. 1.00
035 _a(BD-RjUL)65531
040 _aBD-RjUL
_beng
_cBD-RjUL
_dBD-RjUL
041 _aeng
082 _223
_a304.609549021
_bMIA 1952 (VL)
110 1 _aPakistan.
_boffice of the Provincial Superintendent Census.
_9193011
245 1 0 _aCensus of Pakistan, 1951 :
_bVillage list : Mianwali District /
_cPakistan. office of the Provincial Superintendent Census ; M. H. Mahmood , [comp.]
246 _aCensus of Pakistan, 1951 :
_bVillage list : Punjab : Mianwali District.
260 _aKarachi:
_bManager of Publications,
_c[1952]
300 _aii, 30 p. ;
_c24 cm.
490 _a Census 51 ;
_vNo. 30B (1).
500 _a" chiefly statistical data"
651 _aPakistan
_zWest Pakistan
_zMianwali District
_vcensus,1951
_9193543
651 _aPakistan
_zWest Pakistan
_zMianwali District
_xPopulation
_vStatistics
_y1951
_9193544
700 _aMahmood, M. H. , [comp.]
_9193014
830 _a Census 51 ;
_vNo. 30B (1).
_9193546
942 _2ddc
_cRAR
999 _c65401
_d65401